01030nam a22002657a 45000010005000000030006000050050017000110080041000280200018000690400029000870500016001160820010001321000027001422450104001692500048002732600045003213000041003665050007004075200220004145210021006345210019006556000027006746000028007017000035007294412FISKH20240822120013.0240821b cb ||||| |||| 00| 0 eng d a9780763664244 aFISKHbengcFISKHdFISKH aPZ7.M478419 2813.6 aMcDonald, Megand1959- aStink and the world's worst super-stinky sneakers /cMegan McDonald illustrated by Peter H.Reynolds aFirst paperback edition in this format 2013 aMassachusetts :bCandlewick Press,c2007 a131 pages :billustrations ; c19 cm aM  aA class visit to the Gross-Me-Out exhibit at the science museum inspires Stink Moody to create a variety of terrible smells to put on the sneakers he plans to enter in the World's Worst Super-Stinky Sneaker contest.8 a540 bLexile 8 aM bRaz-Plus  aFictionqSchoolvFunny aComedyqFantasyvSeries aH.Reynolds, Petereillustrator